00725nam a2200241Ia 4500003000400000005001700004008004100021020001500062040001800077041000800095082002300103100001900126245005100145250001200196260006600208300003000274650003600304650002100340650002400361650002800385650004000413650003000453OSt20250221145940.0210716s2001 xx 000 0 und d a0070444854 cAIMIT LIBRARY aeng a005.7401 21bVELR aVelpuri, Rama. aOracle 8i :cBy Rama Velpuri and Anand Adkoli. a1st ed. aNew Delhi :bTata McGraw Hill Publishing Company Ltd ,c2001. axxi,695 p.;bPBc24.7 cm. aOverview of backup and recovery aPhysical backups aRecovery principles aOracle recovery manager aCase studies of backup and recovery aNew features of oracle 8i